Guide to LATEX
Αποθηκεύτηκε σε:
| Κύριος συγγραφέας: | |
|---|---|
| Άλλοι συγγραφείς: | |
| Μορφή: | Βιβλίο |
| Γλώσσα: | English |
| Δημοσίευση: |
Boston :
Addison-Wesley,
c2004.
|
| Έκδοση: | 4th ed. |
| Σειρά: | Addison-Wesley series on tools and techniques for computer typesetting
|
| Θέματα: | |
| Ετικέτες: |
Προσθήκη ετικέτας
Δεν υπάρχουν, Καταχωρήστε ετικέτα πρώτοι!
|
MARC
| LEADER | 00000cam a2200000 i 4500 | ||
|---|---|---|---|
| 001 | 1/33205 | ||
| 008 | 060804s2004 mau| ||| |||| ||eng|| | ||
| 020 | |a 0321173856 | ||
| 035 | |l 10084885 | ||
| 040 | |a GR-MyUa |b gre |e AACR2 | ||
| 041 | 0 | |a eng | |
| 082 | 7 | |a 686.22544536 |2 (22) | |
| 100 | 1 | |a Kopka, Helmut. | |
| 245 | 1 | 0 | |a Guide to LATEX / |c Helmut Kopka, Patrick W. Daly. |
| 250 | |a 4th ed. | ||
| 260 | |a Boston : |b Addison-Wesley, |c c2004. | ||
| 300 | |a xii, 597 σ. : |b εικ. ; |c 24 εκ. + |e 1 οπτική δισκέτα λέϊζερ Η/Υ (4 3/4 ίν.). | ||
| 490 | 1 | |a (Addison-Wesley series on tools and techniques for computer typesetting) | |
| 504 | |a Περιλαμβάνει βιβλιογραφικές παραπομπές (σ. 557-558) και ευρετήριο. | ||
| 630 | 0 | 0 | |a LaTeX (Computer file) |
| 650 | 0 | |a Computerized typesetting. | |
| 700 | 1 | |a Daly, Patrick W. | |
| 830 | 0 | |a Addison-Wesley series on tools and techniques for computer typesetting | |
| 852 | |a INST |b SAMOS |e 20070907 |h 686.22544536 KOP |p 005300028281 |q 005300028281 |t BK |y 0 | ||
| 852 | |a INST |b SAMOS |e 20070907 |h 686.22544536 KOP |p 005300028265 |q 005300028265 |t BK |y 0 | ||
| 852 | |a INST |b SYROS |e 20060804 |h 686.22544536 KOP |p 005500004709 |q 005500004709 |t BK |y 0 | ||
| 852 | |a INST |b SYROS |e 20060804 |h 686.22544536 KOP |p 005500004708 |q 005500004708 |t BK |y 0 | ||
| 901 | |a BIBL3-2007-3 | ||
| 901 | |a BIBL5-2006-2 | ||
| 920 | |a ΑΝΑΜΟΡΦΩΣΗ |b ΕΠΕΑΕΚ ΙΙ-ΤΜΣΠΣ |y Σύρος |z 2006-06 | ||
| 922 | |a 3ΕΛΗ |b 200708 |c ΕΠΕΑΕΚ2/Τμήμα Μαθηματικών |d Παπασωτηρίου | ||
| 970 | |a Καγιαβά |b Ειρήνη |z 04/07/2006 | ||